Stationen der RB51 (Rhein-Main-Gebiet) - Statistiken

Allgemein
  • Dieses Quiz wurde 8 mal gespielt
  • Das Durchschnittsergebnis liegt bei 10 aus 14
Antwortstatistiken
Stationen % Korrekt
Frankfurt (Main) Hauptbahnhof
100%
Frankfurt (Main) Südbahnhof
100%
Gelnhausen Bahnhof
83%
Hanau Hauptbahnhof
83%
Offenbach (Main)-Zentrum Hauptbahnhof
83%
Biebergemünd-Wirtheim Bahnhof
67%
Gelnhausen-Hailer Bahnhof
67%
Gelnhausen-Haitz-Höchst Bahnhof
67%
Hanau-Wolfgang Bahnhof
67%
Langenselbold Bahnhof
67%
Rodenbach (MKK) Bahnhof
67%
Wächtersbach Bahnhof
67%
(Bad Soden-Salmünster Bahnhof)
50%
Hasselroth-Niedermittlau Bahnhof
17%
Keine übereinstimmenden Quizze gefunden
Verteilung der Resultate
Anzahl Personen mit jedem Resultat
Perzentil nach korrekt beantworteten Fragen
Ihre Resultats-Entwicklung
Sie haben dieses Quiz noch nicht gespielt